书目信息 |
| 题名: |
美国金融危机之全球化与反思
|
|
| 作者: | 刘明彦 , 王彦博 著 | |
| 分册: | ||
| 出版信息: | 北京 光明日报出版社 2014 |
|
| 页数: | 156页 | |
| 开本: | 24cm | |
| 丛书名: | ||
| 单 册: | ||
| 中图分类: | F837.125.9 | |
| 科图分类: | ||
| 主题词: | 金融危机--研究--美国 | |
| 电子资源: | ||
| ISBN: | 978-7-5112-5783-3 | |
| 000 | 00977nam0 2200253 450 | |
| 001 | 338521 | |
| 005 | 20150602095938.78 | |
| 010 | @a978-7-5112-5783-3@dCNY32.00 | |
| 100 | @a20140919d2014 em y0chiy50 ea | |
| 101 | 0 | @achi |
| 102 | @aCN@b110000 | |
| 105 | @ay z 000yy | |
| 106 | @ar | |
| 200 | 1 | @a美国金融危机之全球化与反思@Amei guo jin rong wei ji zhi quan qiu hua yu fan si@d= Review and globalization of America financial crisis@f刘明彦, 王彦博著@zeng |
| 210 | @a北京@c光明日报出版社@d2014 | |
| 215 | @a156页@d24cm | |
| 330 | @a本书共分五章, 内容包括房地产泡沫破裂引爆次贷危机;次贷危机全球化;危机应对: 压力测试与监管改革;金融危机的反思;金融危机展望。 | |
| 510 | 1 | @aReview and globalization of America financial crisis@zeng |
| 606 | 0 | @a金融危机@x研究@y美国 |
| 690 | @aF837.125.9@v5 | |
| 701 | 0 | @a刘明彦@Aliu ming yan@f(1970)@4著 |
| 701 | 0 | @a王彦博@Awang yan bo@c(计算机, @f1981)@4著 |
| 801 | 0 | @aCN@b卓展宏图@c20150525 |
| 905 | @dF837.125.9@e45@f4 | |
| 美国金融危机之全球化与反思= Review and globalization of America financial crisis/刘明彦, 王彦博著.-北京:光明日报出版社,2014 |
| 156页;24cm |
| ISBN 978-7-5112-5783-3:CNY32.00 |
| 本书共分五章, 内容包括房地产泡沫破裂引爆次贷危机;次贷危机全球化;危机应对: 压力测试与监管改革;金融危机的反思;金融危机展望。 |
| ● |
| 相关链接 |
|
|
|
|
正题名:美国金融危机之全球化与反思
索取号:F837.125.9/45
 
预约/预借
| 序号 | 登录号 | 条形码 | 馆藏地/架位号 | 状态 | 备注 |
| 1 | 862515 | 208625157 | 第一样本阅览室/ [索取号:F837.125.9/45] | 在馆 | |
| 2 | 862516 | 208625166 | 密集书库-海洋学院/ [索取号:F837.125.9/45] | 在馆 | |
| 3 | 862517 | 208625175 | 第一借阅区/ [索取号:F837.125.9/45] | 在馆 | |
| 4 | 862518 | 208625184 | 第一借阅区/ [索取号:F837.125.9/45] | 在馆 |